000
00249nam a22000977a 4500
999
_c
515243
_d
515243
082
_a
TNC B11x5 P19/62
100
_a
Patterson
_9
20509
245
_a
South Asia: An intoductory bibliography
260
_a
Chicago
_b
Univ. of Chicago
_c
1962
300
_a
345p.